La vida instrucciones de uso /

-д хадгалсан:
Номзүйн дэлгэрэнгүй
Үндсэн зохиолч: Perec, Georges (autor)
Формат: Ном
Хэл сонгох:испани
Хэвлэсэн: Barcelona, España : Anagrama, 2013, c1992
Хэвлэл:13a edición
Цуврал:(Compactos ; 54)
Нөхцлүүд:
Шошгууд: Шошго нэмэх
Шошго байхгүй, Энэхүү баримтыг шошголох эхний хүн болох!

MARC

LEADER 00000nam^a2200000^a^4500
001 000561651
005 20250521000000.0
009 20260310131928.739
020 |a 84-339-2058-8 
037 |a Acervo ITESO - Biblioteca 
041 |a ESP 
082 |a 843.  |b PER 
100 |a Perec, Georges  |e (autor) 
245 1 3 |a La vida instrucciones de uso /  |c G. Perec ; tr. por Josep Escué. 
250 |a 13a edición 
264 4 |a Barcelona, España :  |b Anagrama,  |c 2013, c1992 
300 |a 634 p. 
336 |a texto  |b txt  |2 rdacontenido 
337 |a sin mediación  |b n  |2 rdamedio 
338 |a volumen  |b nc  |2 rdasoporte 
440 1 |a (Compactos ;  |v 54) 
500 |a Traducción de: La vie mode d'emploi 
545 0 |a Georges Perec (París, 1936 - Ivry-sur-Seine, 1982), novelista francés que figura entre los escritores más innovadores de su generación. Perec tomó desde muy joven la decisión de ser escritor, pero su primera novela, Las cosas, se publicó hasta 1965 y por ella obtuvo el Premio Renaudot de ese año. En 1967 se unió al grupo denominado Ouvroir de littérature potentielle (OULIPO, taller de literatura potencial), donde se daban cita una serie de escritores preocupados particularmente por la forma y, en ese marco, retándose a sí mismos para desarrollar textos con diversas limitaciones de esa naturaleza. Fue entonces cuando escribió su curiosa novela El secuestro (1969), en la que no aparece la letra e (en la traducción española no aparece la letra a); el libro buscaba demostrar que la restricción del cromatismo lingüístico literario puede favorecer la capacidad creativa. En general la propuesta narrativa de Perec se inscribe en la Novueau Roman y en la defensa de la experimentación formal. Sus mayores éxitos llegaron con La vida: instrucciones de uso (1978), novela galardonada con el Premio Médicis 1978. También autor de: Un hombre que duerme (1967); Especies de espacios (1974), Me acuerdo: las cosas comunes (1978); El gabinete de un aficionado (1979); 53 días (1990); y El viaje de invierno (1993), entre otros. 
649 |a XX 
650 |a Novela Francesa 
650 |a Literatura Francesa -  |y Siglo XX 
910 |a Fondo Castillo-Martínez 
920 |a Impresos - Libros 
930 |a Fondos Especiales 
940 |a Literatura 
905 |a 127 
901 |a 0500346641  |b IT2  |c ESP  |i D123949  |u 20250521 
902 |a https://opac.biblio.iteso.mx/vufind/Record/000561651